000 00413nam a2200145Ia 4500
008 250112s9999 xx 000 0 und d
020 _a978-94-6209-119-1
100 _aConrad P. Pritscher
245 0 _aLearning What to Ignore
250 _a2013
260 _c2013
_bSensePublishers
440 _aTransgressions
856 _uhttps://link.springer.com/openurl?genre=book&isbn=978-94-6209-119-1
942 _cEB
999 _c373957
_d373957